| 000 | 00416pab a2200157 454500 | ||
|---|---|---|---|
| 008 | 180718b2003-04 xxu||||| |||| 00| 0 eng d | ||
| 100 | _aYoshimuta, Tsuyoshi | ||
| 245 | _aPolicy evaluation in the government of Japan | ||
| 260 | _c2003-04 | ||
| 300 | _ap.43-47. | ||
| 362 | _aWinter | ||
| 650 | _aPublic administration - Japan | ||
| 650 | _aPublic administration | ||
| 773 | _aPublic Manager | ||
| 909 | _a61543 | ||
| 999 |
_c61543 _d61543 |
||